000 00539nam a2200181Ia 4500
008 150610s9999 xx 000 0 und d
020 _a9780765342294
050 _aPS3553
_b.A655 .C178e 2002  
100 _aCard, Orson Card
245 _aEnder's game /
_cOrson Scott Card.
250 _a1st Starscape ed.
260 _aNew York :
_bStarscape,
_c2002.
300 _a324pages ;
_c20 cm.
520 _aFiction.
650 _aBrothers and sisters
_xFiction.
650 _aGenetic engineering
_xFiction.
650 _aWar games
_bFiction.
999 _c287861
_d287861